Statistics for Bible - Book of Genesis Trivia

Click here to take the quiz!

General Stats

  • This quiz has been taken 207 times
  • The average score is 12 of 20

Answer Stats

HintAnswer% Correct
What is the name of the garden where Adam and Eve first lived?Eden
99%
There are twelve tribes of ______Israel
88%
Who committed the first murder?Cain
86%
How many sons did Noah have?Three
84%
Joseph was let out of jail in Egypt because he could interpret ______Dreams
79%
What is the minimum amount of good people for which God would have not destroyed Sodom and Gomorrah?Ten
76%
What was Abraham's original name?Abram
75%
Jacob predicted seven years of ______ in EgyptFamine
74%
Who is Cain and Abel's younger brother?Seth
72%
The ark was to be three hundred ______ longCubits
66%
Who did Lot offer to the men surrounding his house in place of the two angels, who were guests?His daughters
62%
What is the name of Joseph's full brother?Benjamin
59%
When Jacob and Esau were born, where was Jacob grasping Esau?Heel
58%
Why was Lot's wife turned into a pillar of salt?Looked back at Sodom
47%
The pharaoh spared the chief cupbearer but impaled the chief _____Baker
45%
Which of Joseph's brothers stayed in Egypt while the rest of them went back to get Benjamin?Simeon
41%
Abraham buried his wife, Sarah, in the ____ in the field of Machpelah near MamreCave
36%
Isaac told Jacob not to marry a _________ womanCanaanite
33%
What was the name of Leah's servant?Zilpah
14%
Who was the father of all those who play stringed instruments or pipes?Jubal
10%

Score Distribution

Percentile by Number Answered

Percent of People with Each Score

Your Score History

You have not taken this quiz